书目信息 |
| 题名: |
强风化花岗岩物理力学特性与工程应用
|
|
| 作者: | 牛玺荣 著 | |
| 分册: | ||
| 出版信息: | 北京 人民交通出版社股份有限公司 2019.7 |
|
| 页数: | 192页 | |
| 开本: | 23cm | |
| 丛书名: | ||
| 单 册: | ||
| 中图分类: | P588.12 | |
| 科图分类: | ||
| 主题词: | 风化壳--花岗岩--物理力学--研究 | |
| 电子资源: | ||
| ISBN: | 978-7-114-15580-2 | |
| 000 | 01366nam0 2200265 45 | |
| 001 | 012001001696 | |
| 005 | 20140904160709.0 | |
| 010 | @a978-7-114-15580-2@dCNY40.00 | |
| 100 | @a20200901d2019 em y0chiy50 ea | |
| 101 | 0 | @achi |
| 102 | @aCN@b110000 | |
| 105 | @aak z 000yy | |
| 106 | @ar | |
| 200 | 1 | @a强风化花岗岩物理力学特性与工程应用@Aqiang feng hua hua gang yan wu li li xue te xing yu gong cheng ying yong@b专著@f牛玺荣著 |
| 210 | @a北京@c人民交通出版社股份有限公司@d2019.7 | |
| 215 | @a192页@c图@d23cm | |
| 300 | @a并列题名:Physical properties, mechanical behavior and engineering application of weathered granite soils | |
| 312 | @a封面英文题名:Physical properties, mechanical behavior and engineering application of weathered granite soils | |
| 330 | @a本书介绍了风花岗岩的基本物理力学特性,包括风化机制、物理特性、压实特性、承载特性、强度特性、剪胀特性等,在修正强度条件基础上提出了风化花岗岩的本构模型。围绕风化花岗岩的独有特性,总结了风花岗岩地区工程勘察和设计的要点,结合实体工程,重点论述了风化花岗岩地区路基填筑施工工艺和质量控制要点。 | |
| 510 | 1 | @aPhysical properties, mechanical behavior and engineering application of weathered granite soils@zeng |
| 606 | 0 | @a风化壳@x花岗岩@x物理力学@x研究 |
| 690 | @aP588.12@v5 | |
| 701 | 0 | @a牛玺荣@Aniu xi rong@4著 |
| 801 | 0 | @aCN@bBJSDL@c20211011 |
| 905 | @b1336858-61@dP588.12@e175@f4 | |
| 强风化花岗岩物理力学特性与工程应用/牛玺荣著.-北京:人民交通出版社股份有限公司,2019.7 |
| 192页:图;23cm |
| 并列题名:Physical properties, mechanical behavior and engineering application of weathered granite soils |
| ISBN 978-7-114-15580-2:CNY40.00 |
| 本书介绍了风花岗岩的基本物理力学特性,包括风化机制、物理特性、压实特性、承载特性、强度特性、剪胀特性等,在修正强度条件基础上提出了风化花岗岩的本构模型。围绕风化花岗岩的独有特性,总结了风花岗岩地区工程勘察和设计的要点,结合实体工程,重点论述了风化花岗岩地区路基填筑施工工艺和质量控制要点。 |
| ● |
| 相关链接 |
|
|
|
|
正题名:强风化花岗岩物理力学特性与工程应用
索取号:P588.12/175
 
预约/预借
| 序号 | 登录号 | 条形码 | 馆藏地/架位号 | 状态 | 备注 |
| 1 | 1336858 | 213368586 | 第二样本阅览室/ [索取号:P588.12/175] | 在馆 | |
| 2 | 1336859 | 213368595 | 第三借阅区/ [索取号:P588.12/175] | 在馆 | |
| 3 | 1336860 | 213368602 | 第三借阅区/ [索取号:P588.12/175] | 在馆 | |
| 4 | 1336861 | 213368611 | 第三借阅区/ [索取号:P588.12/175] | 在馆 |